[Event "Open International d'Ambès 2010"]
[Site "Ambes"]
[Date "2010.04.26"]
[Round "4.15"]
[White "L'Hospital, Philippe"]
[Black "Jacquot, David"]
[Result "1-0"]
[WhiteElo "1891"]
[BlackElo "1945"]
[PlyCount "84"]
[EventDate "2010.04.??"]
[EventType "swiss"]
[EventRounds "9"]
[EventCountry "FRA"]

1. d4 f5 2. Qd3 g6 3. e4 fxe4 4. Qxe4 Nf6 5. Qe3 Bg7 6. Nc3 O-O 7. f3 d5 8.
Nce2 Nbd7 9. Bd2 c5 10. O-O-O Re8 11. Nh3 cxd4 12. Qe6+ Kh8 13. Ng5 Rf8 14.
Nxd4 Qe8 15. Bb4 Nb6 16. Qxe7 Qa4 17. Kb1 Re8 18. Bb5 Rxe7 19. Bxa4 Rc7 20. Bb3
a5 21. Bd6 Rd7 22. c3 h6 23. Bc5 a4 24. Bc2 Nc4 25. Nge6 b6 26. Bf8 Bxf8 27.
Nxf8 Rc7 28. Nxg6+ Kg7 29. Rhe1 a3 30. b3 Nb2 31. Rd2 Rxc3 32. Re7+ Kg8 33. Nb5
Rxc2 34. Rxc2 Bf5 35. Ne5 Rf8 36. Ng6 Bxc2+ 37. Kxc2 d4 38. Kd2 Nh5 39. g3 Ng7
40. g4 Rd8 41. f4 Rd5 42. f5 h5 1-0

[Event "Open International d'Ambès 2010"]
[Site "Ambes"]
[Date "2010.04.26"]
[Round "4.16"]
[White "Boutant, Jade"]
[Black "Barraud, Mickael"]
[Result "0-1"]
[WhiteElo "1666"]
[BlackElo "1881"]
[PlyCount "54"]
[EventDate "2010.04.??"]
[EventType "swiss"]
[EventRounds "9"]
[EventCountry "FRA"]

1. c4 Nf6 2. Nc3 b6 3. Nf3 Bb7 4. e3 e6 5. b3 g6 6. Bb2 Bg7 7. Qc2 d6 8. Be2
Nbd7 9. d4 O-O 10. O-O a6 11. a4 c5 12. Rfd1 Qe7 13. a5 bxa5 14. Rxa5 Qd8 15.
Raa1 Qc7 16. Nd2 Rfc8 17. Na4 Rab8 18. Ra3 h5 19. dxc5 dxc5 20. Bf3 Ne5 21.
Bxb7 Rxb7 22. f3 Neg4 23. fxg4 Nxg4 24. Nf3 Bh6 25. Bc1 Qe5 26. Qe2 Rcb8 27.
Bb2 Bxe3+ 0-1

[Event "Open International d'Ambès 2010"]
[Site "Ambes"]
[Date "2010.04.26"]
[Round "4.17"]
[White "Gallice, Francois"]
[Black "Chansavang, Albain"]
[Result "1-0"]
[WhiteElo "1861"]
[BlackElo "1652"]
[PlyCount "91"]
[EventDate "2010.04.??"]
[EventType "swiss"]
[EventRounds "9"]
[EventCountry "FRA"]

1. Nf3 d6 2. c4 g6 3. g3 Bg7 4. Bg2 c6 5. O-O Nf6 6. d3 O-O 7. Nbd2 Re8 8. Rb1
e5 9. Ng5 h6 10. Nge4 d5 11. cxd5 cxd5 12. Nc3 Be6 13. b3 Nc6 14. Bb2 Qd7 15.
Rc1 Rac8 16. a3 Bh3 17. e3 Bxg2 18. Kxg2 d4 19. exd4 exd4 20. Nce4 Nxe4 21.
Nxe4 Qd5 22. Rc5 Qd7 23. b4 Ne5 24. Rxc8 Rxc8 25. Qb3 Rd8 26. Rc1 Qb5 27. Rd1
a5 28. Bc1 a4 29. Qc2 Qd5 30. f4 Nxd3 31. Qxd3 f5 32. Kf3 Re8 33. Re1 fxe4+ 34.
Rxe4 Qh5+ 35. Kg2 Rxe4 36. Qxe4 Qd1 37. Qe8+ Kh7 38. Qc8 d3 39. Qc7 Qe2+ 40.
Kh3 Qh5+ 41. Kg2 Qd5+ 42. Kh3 Qd4 43. Bd2 Qb2 44. Be3 d2 45. Qd7 Qxa3 46. Bd4
1-0

[Event "Open International d'Ambès 2010"]
[Site "Ambes"]
[Date "2010.04.26"]
[Round "4.18"]
[White "Locatelli, Claude"]
[Black "Trolonge, Remi"]
[Result "0-1"]
[WhiteElo "1617"]
[BlackElo "1686"]
[PlyCount "54"]
[EventDate "2010.04.??"]
[EventType "swiss"]
[EventRounds "9"]
[EventCountry "FRA"]

1. d4 d5 2. c4 c6 3. Nf3 Nf6 4. Nc3 e6 5. e3 Nbd7 6. Bd3 dxc4 7. Bxc4 b5 8. Bd3
a6 9. e4 c5 10. e5 cxd4 11. exf6 dxc3 12. bxc3 Nxf6 13. O-O Be7 14. Qc2 O-O 15.
Ne5 Bb7 16. Bb2 h6 17. Rac1 Qd5 18. Nf3 Qxa2 19. c4 bxc4 20. Bxc4 Qa5 21. Qe2
Rfc8 22. Bxe6 Bxf3 23. gxf3 Rxc1 24. Bxc1 fxe6 25. Qxe6+ Kf8 26. Re1 Re8 27.
Rf1 Ba3 0-1

[Event "Open International d'Ambès 2010"]
[Site "Ambes"]
[Date "2010.04.26"]
[Round "4.19"]
[White "Marimon, Frederic"]
[Black "Merlet, Francois"]
[Result "0-1"]
[WhiteElo "1667"]
[BlackElo "1578"]
[PlyCount "72"]
[EventDate "2010.04.??"]
[EventType "swiss"]
[EventRounds "9"]
[EventCountry "FRA"]

1. Nf3 d5 2. b3 Nf6 3. Bb2 Nc6 4. e3 a6 5. d3 e5 6. Nxe5 Nxe5 7. Bxe5 Bd6 8.
Bb2 O-O 9. Nd2 c5 10. d4 cxd4 11. Bxd4 Bd7 12. Bd3 Re8 13. c4 dxc4 14. Bxc4 Bc6
15. f3 b5 16. Be2 Nd5 17. e4 Nf4 18. g3 Nxe2 19. Qxe2 Bxg3+ 20. hxg3 Qxd4 21.
Rd1 Qb4 22. Kf2 f5 23. Kg2 fxe4 24. fxe4 Bxe4+ 25. Nxe4 Qxe4+ 26. Qxe4 Rxe4 27.
Rd2 Rae8 28. Rf1 Re2+ 29. Rxe2 Rxe2+ 30. Rf2 Rxf2+ 31. Kxf2 Kf7 32. Kf3 h5 33.
a4 g5 34. axb5 h4 35. Ke4 Ke6 36. b4 h3 0-1

[Event "Open International d'Ambès 2010"]
[Site "Ambes"]
[Date "2010.04.26"]
[Round "4.20"]
[White "Hui Bon Hoa, Edmond"]
[Black "Teyssier, Jean Paul"]
[Result "1-0"]
[WhiteElo "1792"]
[BlackElo "1724"]
[PlyCount "28"]
[EventDate "2010.04.??"]
[EventType "swiss"]
[EventRounds "9"]
[EventCountry "FRA"]

1. e4 c5 2. Nf3 d6 3. Bb5+ Bd7 4. Bxd7+ Qxd7 5. c3 g6 6. d3 Bg7 7. Be3 Nc6 8.
Qd2 Nf6 9. Bh6 O-O 10. h3 Rfe8 11. Bxg7 Kxg7 12. Na3 e5 13. O-O-O a6 14. Nh2
Nh5 {Le reste illisible} 1-0

[Event "Open International d'Ambès 2010"]
[Site "Ambes"]
[Date "2010.04.26"]
[Round "4.21"]
[White "Laric, Emilie"]
[Black "Quideau, Patrice"]
[Result "1/2-1/2"]
[WhiteElo "1533"]
[BlackElo "1780"]
[PlyCount "66"]
[EventDate "2010.04.??"]
[EventType "swiss"]
[EventRounds "9"]
[EventCountry "FRA"]

1. d4 d5 2. c4 c6 3. Nc3 Nf6 4. Nf3 a6 5. e3 Nbd7 6. Qc2 e6 7. Bd3 dxc4 8. Bxc4
b5 9. Bd3 Bb7 10. Ne4 Be7 11. Nc5 Nxc5 12. dxc5 Qd5 13. b4 a5 14. Bd2 axb4 15.
Bxb4 Rd8 16. Be2 Qe4 17. Qxe4 Nxe4 18. Rc1 Rd5 19. O-O O-O 20. Nd4 Bxc5 21.
Bxc5 Nxc5 22. Bf3 Rg5 23. Nxc6 Bxc6 24. Bxc6 Nd3 25. Rb1 Rb8 26. Rfd1 Rc5 27.
Bf3 Ne5 28. Be2 Kf8 29. a4 b4 30. Bb5 Rbxb5 31. axb5 Rxb5 32. Rb3 Nc6 33. Rdb1
Ke7 1/2-1/2

[Event "Open International d'Ambès 2010"]
[Site "Ambes"]
[Date "2010.04.26"]
[Round "4.22"]
[White "Font, Bernard"]
[Black "Van Eeckhout, Guy"]
[Result "1-0"]
[WhiteElo "1762"]
[BlackElo "1725"]
[PlyCount "55"]
[EventDate "2010.04.??"]
[EventType "swiss"]
[EventRounds "9"]
[EventCountry "FRA"]

1. e4 c6 2. d4 d5 3. exd5 cxd5 4. Nf3 Nc6 5. c3 Nf6 6. Bb5 Bd7 7. O-O e6 8. Bg5
Be7 9. Nbd2 O-O 10. Bd3 Ne8 11. Bf4 Bd6 12. Ne5 Nxe5 13. Bxe5 Bxe5 14. dxe5 g6
15. Nf3 Qb6 16. Qd2 Bb5 17. Bxb5 Qxb5 18. Rab1 Nc7 19. Qh6 f6 20. exf6 Rxf6 21.
Nd4 Qd7 22. Rbe1 Raf8 23. Nf3 Ne8 24. Ne5 Qe7 25. Re2 Nd6 26. Rfe1 Ne4 27. f3
Nd6 28. Ng4 1-0

[Event "Open International d'Ambès 2010"]
[Site "Ambes"]
[Date "2010.04.26"]
[Round "4.24"]
[White "Guenin, Pierre"]
[Black "Scheid, Gilles"]
[Result "0-1"]
[WhiteElo "1664"]
[BlackElo "1760"]
[PlyCount "78"]
[EventDate "2010.04.??"]
[EventType "swiss"]
[EventRounds "9"]
[EventCountry "FRA"]

1. d4 Nf6 2. Nf3 g6 3. g3 Bg7 4. Bg2 d6 5. O-O O-O 6. c3 Nc6 7. Na3 Bg4 8. Nc4
e5 9. dxe5 dxe5 10. Qxd8 Raxd8 11. Bg5 h6 12. Bxf6 Bxf6 13. h3 Be6 14. Ncd2 Rd7
15. Ne4 Be7 16. g4 Rfd8 17. b4 f5 18. gxf5 gxf5 19. Ng3 e4 20. Nh2 Rd2 21. Rfc1
f4 22. Nh5 Bg5 23. Bxe4 Rxe2 24. Bf3 Rb2 25. Re1 Bxh3 26. Bxc6 bxc6 27. Nf3 Bg4
28. Nxg5 Bxh5 29. Ne4 Kf7 30. c4 Rg8+ 31. Kh2 Bf3 32. Kh3 Bxe4 33. Rxe4 Rxf2
34. Rh1 Rg5 35. Kh4 Kf6 36. Rh3 Kf5 37. Re8 Rfg2 38. Rf3 R2g4+ 39. Kh3 Rh5# 0-1

[Event "Open International d'Ambès 2010"]
[Site "Ambes"]
[Date "2010.04.26"]
[Round "4.24"]
[White "Maisonnet, Emmanuel"]
[Black "Barbot, Pierre"]
[Result "0-1"]
[WhiteElo "1742"]
[BlackElo "1590"]
[PlyCount "64"]
[EventDate "2010.04.??"]
[EventType "swiss"]
[EventRounds "9"]
[EventCountry "FRA"]

1. d4 d5 2. c4 c6 3. Nf3 Nf6 4. Nc3 a6 5. b3 e6 6. Bg5 Nbd7 7. h3 Bb4 8. Bd2
Qa5 9. Qc2 b5 10. c5 Bxc3 11. Bxc3 b4 12. Bd2 Ne4 13. Bf4 O-O 14. e3 Qd8 15.
Bd3 f5 16. Be5 a5 17. O-O Ba6 18. a3 Bxd3 19. Qxd3 Ng5 20. Nxg5 Nxe5 21. dxe5
Qxg5 22. f4 Qe7 23. Qd4 Rfb8 24. Ra2 bxa3 25. Rxa3 Rb4 26. Qc3 Qb7 27. Rfa1 Qb5
28. Kf2 a4 29. Qc2 Qb7 30. Qb2 h6 31. Kf3 g5 32. Rxa4 Raxa4 0-1

[Event "Open International d'Ambès 2010"]
[Site "Ambes"]
[Date "2010.??.??"]
[Round "5.2"]
[White "Okhotnik, Vladimir"]
[Black "Piankov, Evgenij"]
[Result "1-0"]
[WhiteElo "2458"]
[BlackElo "2337"]
[PlyCount "31"]
[EventDate "2010.04.??"]
[EventType "swiss"]
[EventRounds "9"]
[EventCountry "FRA"]

1. e4 c6 2. d4 d5 3. e5 Bf5 4. Nd2 e6 5. Nb3 Nd7 6. Be3 Ne7 7. Nf3 Bg4 8. h3
Bxf3 9. Qxf3 Qc7 10. c3 Nc8 11. Bd3 Ncb6 12. a4 a6 13. O-O c5 14. a5 c4 15.
axb6 Nxb6 16. Bc2 1-0

[Event "Open International d'Ambès 2010"]
[Site "Ambes"]
[Date "2010.04.27"]
[Round "6.2"]
[White "Dgebuadze, Alexandre"]
[Black "Mamah, Isabelle"]
[Result "1-0"]
[WhiteElo "2539"]
[BlackElo "1786"]
[PlyCount "43"]
[EventDate "2010.04.??"]
[EventType "swiss"]
[EventRounds "9"]
[EventCountry "FRA"]

1. e4 c5 2. Nf3 Nc6 3. Nc3 g6 4. Bb5 Bg7 5. O-O e6 6. Bxc6 dxc6 7. e5 Ne7 8. d3
Nf5 9. Bg5 Qb6 10. b3 O-O 11. Ne4 h6 12. Bf6 Qc7 13. Qd2 b6 14. Rfe1 Ba6 15. a4
c4 16. dxc4 c5 17. Rad1 Bb7 18. Qc3 Bxe4 19. Rxe4 Bxf6 20. exf6 Rfe8 21. Rde1
Re7 22. Qa1 1-0

[Event "Open International d'Ambès 2010"]
[Site "Ambes"]
[Date "2010.04.27"]
[Round "6.3"]
[White "Banana, Adnanne"]
[Black "Andonov, Bogomil"]
[Result "0-1"]
[WhiteElo "1717"]
[BlackElo "2304"]
[PlyCount "43"]
[EventDate "2010.04.??"]
[EventType "swiss"]
[EventRounds "9"]
[EventCountry "FRA"]

1. e4 c5 2. Nf3 Nc6 3. d4 cxd4 4. Nxd4 e6 5. Nb5 d6 6. c4 Nf6 7. N1c3 a6 8. Na3
b6 9. Nc2 Bb7 10. Be2 Rc8 11. O-O Ne5 12. f4 Nxc4 13. f5 e5 14. a4 d5 15. a5
Nxe4 16. Nxe4 dxe4 17. Bxc4 Rxc4 18. Qxd8+ Kxd8 19. Rd1+ Ke8 20. Na3 Bc5+ 21.
Kf1 Rd4 22. Bd2 0-1

[Event "Open International d'Ambès 2010"]
[Site "Ambes"]
[Date "2010.04.27"]
[Round "6.4"]
[White "Favarel, Antoine"]
[Black "Fantinel, Thibault"]
[Result "1-0"]
[WhiteElo "2231"]
[BlackElo "2187"]
[PlyCount "87"]
[EventDate "2010.04.??"]
[EventType "swiss"]
[EventRounds "9"]
[EventCountry "FRA"]

1. e4 c5 2. Nf3 g6 3. c3 Bg7 4. d4 cxd4 5. cxd4 d5 6. e5 Bg4 7. Nbd2 Nc6 8. Bb5
Nh6 9. O-O O-O 10. Bxc6 bxc6 11. h3 Bxf3 12. Nxf3 f6 13. exf6 exf6 14. Qa4 Qb6
15. Bf4 Rfe8 16. Rac1 Rac8 17. Rc3 g5 18. Rb3 Qd8 19. Bd2 Qd7 20. Qa6 Rb8 21.
Rc1 Rxb3 22. axb3 Rc8 23. b4 Rc7 24. b5 cxb5 25. Rxc7 Qxc7 26. Qxb5 Qd6 27. Bb4
Qd8 28. Qa6 Qb8 29. Ba3 Nf7 30. Qc6 Qd8 31. Bc5 h5 32. Bxa7 g4 33. hxg4 hxg4
34. Nh4 Qe7 35. Qc8+ Kh7 36. Qf5+ Kg8 37. Bc5 Qe1+ 38. Kh2 g3+ 39. Kxg3 Ng5 40.
Qxd5+ Kh8 41. Ng6+ Kh7 42. Nf8+ Kh8 43. Qf5 Qh1 44. Ne6 1-0

[Event "Open International d'Ambès 2010"]
[Site "Ambes"]
[Date "2010.04.27"]
[Round "6.5"]
[White "Piankov, Evgenij"]
[Black "Masset, Jacques"]
[Result "1-0"]
[WhiteElo "2337"]
[BlackElo "1963"]
[PlyCount "57"]
[EventDate "2010.04.??"]
[EventType "swiss"]
[EventRounds "9"]
[EventCountry "FRA"]

1. d4 c5 2. e3 e6 3. Nf3 Nf6 4. Bd3 d5 5. c3 Nc6 6. a3 Bd6 7. b4 c4 8. Bc2 O-O
9. Ba4 a6 10. Bxc6 bxc6 11. Nbd2 a5 12. Bb2 Re8 13. Qc2 Qc7 14. h3 Bd7 15. O-O
e5 16. dxe5 Bxe5 17. Rae1 g6 18. Nd4 Bxd4 19. exd4 Bf5 20. Qd1 axb4 21. Rxe8+
Nxe8 22. axb4 Nd6 23. Re1 Ra7 24. Bc1 Nb5 25. Qf3 Kg7 26. Nf1 Bd3 27. Qe3 Qd8
28. Qh6+ Kg8 29. Bg5 1-0

[Event "Open International d'Ambès 2010"]
[Site "Ambes"]
[Date "2010.04.27"]
[Round "6.6"]
[White "Le Hetet, Nicolas"]
[Black "Curely, Etienne"]
[Result "1/2-1/2"]
[WhiteElo "2149"]
[BlackElo "1793"]
[PlyCount "72"]
[EventDate "2010.04.??"]
[EventType "swiss"]
[EventRounds "9"]
[EventCountry "FRA"]

1. e4 e5 2. Nf3 Nc6 3. Nc3 Nf6 4. d4 exd4 5. Nxd4 d6 6. Bb5 Bd7 7. Be3 Be7 8.
f3 a6 9. Bxc6 bxc6 10. Qd3 O-O 11. O-O Re8 12. Rfd1 Bf8 13. Bf2 d5 14. Nb3 Be6
15. Na5 Qd6 16. a3 dxe4 17. Nxe4 Nxe4 18. Qxe4 Bd5 19. Qd3 Qe5 20. b4 Rad8 21.
Re1 Qf6 22. c4 Be6 23. Qe4 Qb2 24. Reb1 Qd2 25. Be3 Qe2 26. Bg5 Qxe4 27. fxe4
Rd4 28. Re1 Bxc4 29. Rac1 Bb5 30. Nxc6 Rdxe4 31. Rxe4 Rxe4 32. Kf2 Bd6 33. h3
Re2+ 34. Kg1 Ra2 35. Ne7+ Bxe7 36. Bxe7 c6 1/2-1/2

[Event "Open International d'Ambès 2010"]
[Site "Ambes"]
[Date "2010.04.27"]
[Round "6.7"]
[White "Perez, Patrick"]
[Black "Kirk, Ezra"]
[Result "0-1"]
[WhiteElo "1801"]
[BlackElo "1970"]
[PlyCount "58"]
[EventDate "2010.04.??"]
[EventType "swiss"]
[EventRounds "9"]
[EventCountry "FRA"]

1. c4 e5 2. g3 Nc6 3. Bg2 d6 4. d3 g6 5. Nf3 Bg7 6. Nc3 Be6 7. Qa4 Nge7 8. Rb1
Qc8 9. h4 O-O 10. h5 f5 11. hxg6 hxg6 12. Ng5 Nd8 13. Nxe6 Nxe6 14. Nd5 Nxd5
15. cxd5 Nc5 16. Qc2 Qd7 17. Bd2 Rae8 18. b4 Na4 19. Bg5 Rf7 20. b5 Nc5 21. Be3
b6 22. Bxc5 bxc5 23. a4 Qe7 24. Qd2 Kf8 25. e3 Qg5 26. Bh3 e4 27. Bf1 exd3 28.
Bxd3 Qg4 29. Be2 Qe4 0-1

[Event "Open International d'Ambès 2010"]
[Site "Ambes"]
[Date "2010.04.27"]
[Round "6.8"]
[White "Lagunes, Jean Renaud"]
[Black "Barraud, Mickael"]
[Result "0-1"]
[WhiteElo "2107"]
[BlackElo "1881"]
[PlyCount "128"]
[EventDate "2010.04.??"]
[EventType "swiss"]
[EventRounds "9"]
[EventCountry "FRA"]

1. e4 e6 2. d4 d5 3. Nc3 Nf6 4. Bg5 Be7 5. e5 Nfd7 6. h4 Bxg5 7. hxg5 Qxg5 8.
Nh3 Qe7 9. Qg4 f5 10. Qh5+ g6 11. Qh6 Nc6 12. O-O-O Nf8 13. Bb5 Bd7 14. Bxc6
Bxc6 15. Ng5 O-O-O 16. Rh3 Rd7 17. Rdh1 Qg7 18. Qh4 h5 19. Ne2 Qe7 20. Nf4 Rg8
21. a3 Bb5 22. Kb1 c6 23. Rc3 Rc7 24. Re1 Bc4 25. Qg3 Kb8 26. b3 Ba6 27. Kb2
Rg7 28. Rce3 Qe8 29. c3 Qc8 30. Rc1 c5 31. Ree1 b6 32. dxc5 bxc5 33. Ka2 Rb7
34. Rc2 c4 35. b4 Bb5 36. Nf3 Ba4 37. Rcc1 Ka8 38. Nd4 Qe8 39. Rh1 Rge7 40. Kb2
Nd7 41. Rce1 Nf8 42. f3 Rb6 43. Re2 Rbb7 44. Qg5 Rg7 45. Qh6 Qe7 46. Nh3 Rh7
47. Qf4 Rg7 48. Ng5 Rb6 49. g4 Be8 50. Reh2 Nd7 51. Rg1 Nc5 52. Kc2 Nd3 53. Qd2
Qd7 54. Kb1 Re7 55. gxh5 gxh5 56. Ngxe6 Rexe6 57. Nxe6 Rxe6 58. f4 Qa4 59. Qa2
Nxf4 60. Rd2 Rxe5 61. Rf1 Nd3 62. Rg1 f4 63. Rgd1 f3 64. Qc2 Qxc2+ 0-1

[Event "Open International d'Ambès 2010"]
[Site "Ambes"]
[Date "2010.04.27"]
[Round "6.9"]
[White "Galloux, Maxime"]
[Black "Bordas, Laurent"]
[Result "1-0"]
[WhiteElo "2021"]
[BlackElo "1601"]
[PlyCount "73"]
[EventDate "2010.04.??"]
[EventType "swiss"]
[EventRounds "9"]
[EventCountry "FRA"]

1. c4 e5 2. g3 Nf6 3. Bg2 Bc5 4. Nc3 O-O 5. Nf3 d6 6. d3 h6 7. O-O a6 8. a3 Nc6
9. b4 Bd4 10. Nxd4 Nxd4 11. Bb2 Ne6 12. Nd5 Nxd5 13. cxd5 Ng5 14. h4 Nh7 15. d4
Re8 16. dxe5 dxe5 17. Rc1 Nf6 18. Qc2 Re7 19. Rfd1 Bg4 20. Rd2 Qd6 21. e4 Bh5
22. Bc3 Qb6 23. a4 Bg6 24. Ra1 Rd8 25. Qb2 Nd7 26. Bh3 f6 27. a5 Qa7 28. d6
cxd6 29. Rxd6 Be8 30. Rad1 Qb8 31. R1d3 Qc7 32. Qb3+ Kh8 33. Qd1 Kg8 34. Be1
Kh8 35. f3 Kg8 36. Bf2 Qc8 37. Bb6 1-0

[Event "Open International d'Ambès 2010"]
[Site "Ambes"]
[Date "2010.04.27"]
[Round "6.10"]
[White "Ternault, Mathieu"]
[Black "Merlet, Francois"]
[Result "1-0"]
[WhiteElo "1994"]
[BlackElo "1578"]
[PlyCount "53"]
[EventDate "2010.04.??"]
[EventType "swiss"]
[EventRounds "9"]
[EventCountry "FRA"]

1. d4 d5 2. Nf3 Nf6 3. c4 c6 4. Nc3 e6 5. Bg5 Nbd7 6. e3 Qa5 7. Nd2 Bb4 8. Qc2
O-O 9. Be2 dxc4 10. Bxf6 Nxf6 11. Nxc4 Qg5 12. Bf3 c5 13. a3 cxd4 14. axb4 dxc3
15. bxc3 Rd8 16. O-O e5 17. h4 Qxh4 18. Nxe5 Be6 19. Bxb7 Rab8 20. Nf3 Qh6 21.
Rfd1 Bd5 22. Rxa7 Rxb7 23. Rxb7 Ra8 24. Rxd5 Nxd5 25. Qa2 Rd8 26. Qxd5 Qf6 27.
Rd7 1-0

[Event "Open International d'Ambès 2010"]
[Site "Ambes"]
[Date "2010.04.27"]
[Round "6.11"]
[White "Basso, Pierre Yves"]
[Black "Trolonge, Remi"]
[Result "1-0"]
[WhiteElo "1972"]
[BlackElo "1686"]
[PlyCount "83"]
[EventDate "2010.04.??"]
[EventType "swiss"]
[EventRounds "9"]
[EventCountry "FRA"]

1. d4 d5 2. c4 c6 3. Nf3 Nf6 4. e3 e6 5. b3 Nbd7 6. Bb2 Be7 7. Bd3 O-O 8. O-O
dxc4 9. Bxc4 c5 10. Nbd2 b6 11. Qe2 Bb7 12. Rad1 cxd4 13. exd4 Nd5 14. Ne5 N7f6
15. Ndf3 Ne8 16. Rfe1 Nd6 17. Nxf7 Rxf7 18. Qxe6 Nxc4 19. bxc4 Nf4 20. Qg4 Ng6
21. d5 Bf6 22. Ba3 Qd7 23. Re6 Nf8 24. Rde1 Qc8 25. Ng5 Bxg5 26. Qxg5 Nxe6 27.
dxe6 Rc7 28. e7 Qe8 29. Bb2 Qf7 30. Qe5 Rac8 31. Re3 Qg6 32. f3 Re8 33. Re2 Ba6
34. Re4 Qf6 35. Qd5+ Qf7 36. Rg4 g6 37. Qe5 Qxe7 38. Qh8+ Kf7 39. Qg7+ Ke6 40.
Re4+ Kd7 41. Rxe7+ Rxe7 42. Qd4+ 1-0

[Event "Open International d'Ambès 2010"]
[Site "Ambes"]
[Date "2010.04.27"]
[Round "6.12"]
[White "Gallice, Francois"]
[Black "Constantin, Mathias"]
[Result "0-1"]
[WhiteElo "1861"]
[BlackElo "1818"]
[PlyCount "188"]
[EventDate "2010.04.??"]
[EventType "swiss"]
[EventRounds "9"]
[EventCountry "FRA"]

1. Nf3 b6 2. g3 Bb7 3. Bg2 Nf6 4. c4 e6 5. O-O Be7 6. b3 O-O 7. Bb2 c5 8. d3 d6
9. Nbd2 Na6 10. a3 Nc7 11. Rc1 Rb8 12. Rc2 Nd7 13. Qa1 Bf6 14. Bxf6 Qxf6 15.
Qxf6 Nxf6 16. Rfc1 e5 17. Ng5 Bc8 18. Nge4 Nxe4 19. Nxe4 Rd8 20. b4 Ne6 21. e3
f5 22. Nc3 Nc7 23. b5 Be6 24. Nd5 Nxd5 25. Bxd5 Kf7 26. a4 Bxd5 27. cxd5 Rd7
28. e4 fxe4 29. dxe4 a5 30. Rf1 Re8 31. f4 exf4 32. Rxf4+ Kg6 33. Kf2 Rde7 34.
Ke3 Re5 35. Kd3 h5 36. Rcf2 R8e7 37. h4 c4+ 38. Kd4 Kh6 39. R2f3 g5 40. hxg5+
Rxg5 41. Kxc4 Rc7+ 42. Kd4 Rc1 43. Rf6+ Rg6 44. Rxg6+ Kxg6 45. Rc3 Rd1+ 46. Ke3
Kf6 47. Rc6 Ke5 48. Rc8 Re1+ 49. Kf3 Rf1+ 50. Ke2 Ra1 51. Rc4 Ra2+ 52. Kf3 Ra3+
53. Kg2 Re3 54. Kh3 Rxe4 55. Rxe4+ Kxe4 56. Kh4 Kxd5 57. Kxh5 Kc5 58. g4 d5 59.
g5 d4 60. Kg4 Kb4 61. g6 d3 62. Kf3 Kc3 63. g7 d2 64. Ke2 Kc2 65. g8=Q d1=Q+
66. Kf2 Qd4+ 67. Kf3 Kc3 68. Qa2 Kb4 69. Kg2 Qg4+ 70. Kh2 Qd1 71. Qe6 Qc2+ 72.
Kg1 Qc5+ 73. Kh2 Kxa4 74. Qa2+ Kxb5 75. Qb3+ Kc6 76. Qg3 Qd5 77. Qc3+ Kb7 78.
Qg7+ Ka6 79. Qf8 Qc6 80. Qf1+ b5 81. Qa1 a4 82. Qa2 b4 83. Qe2+ Kb7 84. Qg4
Qd6+ 85. Kh3 a3 86. Qf3+ Kb6 87. Qe3+ Qc5 88. Qe6+ Ka5 89. Qe8 Qc4 90. Qa8+ Kb5
91. Qb7+ Ka4 92. Qa7+ Kb3 93. Kh2 Kb2 94. Qg7+ Qc3 0-1

[Event "Open International d'Ambès 2010"]
[Site "Ambes"]
[Date "2010.04.27"]
[Round "6.13"]
[White "Lapeyre, Pierre"]
[Black "Scheid, Gilles"]
[Result "1-0"]
[WhiteElo "2103"]
[BlackElo "1760"]
[PlyCount "60"]
[EventDate "2010.04.??"]
[EventType "swiss"]
[EventRounds "9"]
[EventCountry "FRA"]

1. e4 e5 2. Nf3 d6 3. d4 exd4 4. Qxd4 Nc6 5. Bb5 Bd7 6. Bxc6 Bxc6 7. Nc3 Nf6 8.
Bg5 Be7 9. O-O-O O-O 10. Rhe1 Nd5 11. Bxe7 Nxe7 12. e5 Bxf3 13. gxf3 Ng6 14.
exd6 cxd6 15. Nd5 Qa5 16. Kb1 Rfe8 17. c3 Re5 18. f4 Rh5 19. b4 Qd8 20. Re3 Qd7
21. Kb2 Rxh2 22. Rd2 b6 23. Rde2 h6 24. Qe4 Rc8 25. Re1 Qe6 26. Qd3 Rh3 27. f3
Qd7 28. f5 Ne5 29. Rxe5 Kh8 30. Re7 Qa4 1-0

[Event "Open International d'Ambès 2010"]
[Site "Ambes"]
[Date "2010.04.27"]
[Round "6.14"]
[White "Tholey, Jean Paul"]
[Black "Boutant, Jade"]
[Result "1-0"]
[WhiteElo "1996"]
[BlackElo "1666"]
[PlyCount "82"]
[EventDate "2010.04.??"]
[EventType "swiss"]
[EventRounds "9"]
[EventCountry "FRA"]

1. d4 d5 2. c4 c6 3. Nf3 dxc4 4. e3 b5 5. a4 Nf6 6. b3 Be6 7. bxc4 bxc4 8. Qc2
Bd5 9. Bxc4 e6 10. Nbd2 Bb4 11. O-O O-O 12. Bd3 Bxf3 13. Nxf3 Qa5 14. Ba3 Bxa3
15. Rxa3 Rc8 16. Rc1 a6 17. Rc3 Ra7 18. Ne5 Rac7 19. Rc5 Qb6 20. Nc4 Qa7 21.
Ra5 g6 22. Nd6 Rd8 23. Ne4 Nxe4 24. Bxe4 Rdc8 25. Qc4 c5 26. dxc5 Rd8 27. g3
Rd2 28. Rb1 Rcd7 29. c6 Rd1+ 30. Rxd1 Rxd1+ 31. Kg2 Qb7 32. Qc3 f5 33. Bf3 Rd6
34. h4 h5 35. Rc5 Kh7 36. Qc4 Kg7 37. Qb3 Kh7 38. Rc4 Rd8 39. Rb4 Qc8 40. Rb7+
Rd7 41. cxd7 Nxd7 1-0

[Event "Open International d'Ambès 2010"]
[Site "Ambes"]
[Date "2010.04.27"]
[Round "6.15"]
[White "Pellegrin, Guy"]
[Black "Jacquot, David"]
[Result "1/2-1/2"]
[WhiteElo "1840"]
[BlackElo "1945"]
[PlyCount "56"]
[EventDate "2010.04.??"]
[EventType "swiss"]
[EventRounds "9"]
[EventCountry "FRA"]

1. d4 f5 2. Nf3 g6 3. c4 Nf6 4. Nc3 Bg7 5. g3 d6 6. Bg2 O-O 7. O-O Qe8 8. d5
Na6 9. Rb1 Bd7 10. Nd4 Nc5 11. b4 Nce4 12. Nxe4 Nxe4 13. Bb2 c6 14. Bxe4 fxe4
15. Ne6 Bxe6 16. Bxg7 Kxg7 17. dxe6 Rf6 18. Qd4 Qg8 19. Qxe4 Qxe6 20. Qxe6 Rxe6
21. e3 Re4 22. Rfc1 Rc8 23. Rb3 Re5 24. Rd3 b5 25. f4 bxc4 26. Rxc4 Rb5 27. a4
Rb7 28. Rcc3 Kf6 1/2-1/2

[Event "Open International d'Ambès 2010"]
[Site "Ambes"]
[Date "2010.04.27"]
[Round "6.16"]
[White "Babu, Anthony"]
[Black "Chansavang, Albain"]
[Result "1-0"]
[WhiteElo "1919"]
[BlackElo "1652"]
[PlyCount "63"]
[EventDate "2010.04.??"]
[EventType "swiss"]
[EventRounds "9"]
[EventCountry "FRA"]

1. e4 d6 2. Bc4 g6 3. Ne2 Bg7 4. Nbc3 Nf6 5. d3 c6 6. Bg5 Nbd7 7. a3 O-O 8. O-O
Qc7 9. Qc1 Ne5 10. Bb3 e6 11. d4 Ned7 12. h3 c5 13. d5 exd5 14. Bxd5 Nb6 15.
Qf4 Nfxd5 16. exd5 Qd7 17. Rad1 Qf5 18. Qc1 Re8 19. Ng3 Qd7 20. Nce4 Rxe4 21.
Nxe4 f5 22. Nf6+ Bxf6 23. Bxf6 Qf7 24. Bg5 Bd7 25. c4 a6 26. Rfe1 Re8 27. Rxe8+
Bxe8 28. Re1 Nc8 29. Qc3 Bd7 30. Qa5 b5 31. Bh6 Qf6 32. Qc7 1-0